| 000 | 00498nam a2200193Ia 4500 | ||
|---|---|---|---|
| 005 | 20240823025006.0 | ||
| 008 | 240823s9999||||xx |||||||||||||| ||und|| | ||
| 020 | _a81-314-0733-6 | ||
| 041 | _aENGLISH | ||
| 082 | _A343.078629254 P9 | ||
| 100 | _aRajmanohar T P Ed. | ||
| 245 | 0 | _aIndian Automobile Industry An Introduction | |
| 250 | _a1st | ||
| 260 |
_c2009 _bICFAI University |
||
| 500 | _aYES | ||
| 650 |
_aIndian Automobile _bAutomobile Engineering |
||
| 942 | _cBK | ||
| 999 |
_c185243 _d185243 |
||